000 00759nam a2200205 i 4500
001 90090
003 ES-MaACL
005 20250103220315.0
007 t|
008 050118s1910 sp ||||1| spa d
100 1 _aLecha-Marzo, Antonio.
_971063
245 1 4 _aLos últimos progresos en la identificación de los reincidentes
_b: dactiloscopia Vucetich y dactiloscopia Olóriz /
_cAntonio Lecha-Marzo.
260 _aGranada :
_b[s.n.],
_c1910 (
_fTip. de López Guevara)
300 _a44 p. :
_bil. ;
_c24 cm.
500 _aIII. Monografía de Policía judicial científica publicada por la "Gaceta médica del sur de España"
650 4 _aDactiloscopia.
_9151776
852 _aES-MaACL
_jT-1208-F-14
942 _2udc
999 _c90090
_d90090